الذاكرة : 7 خطوات سهلة لتحسين ذاكرتك / (رقم التسجيلة. 116646)

تفاصيل مارك
000 -LEADER
fixed length control field 00554nam a22001937a 4500
005 - DATE AND TIME OF LATEST TRANSACTION
control field 20251108174731.0
008 - FIXED-LENGTH DATA ELEMENTS--GENERAL INFORMATION
fixed length control field 250721s2007 xx 000 0 ara d
082 14 - DEWEY DECIMAL CLASSIFICATION NUMBER
Classification number 153.1/ملا
100 1# - MAIN ENTRY--PERSONAL NAME
Personal name الملا، جمال
245 10 - TITLE STATEMENT
Title الذاكرة : 7 خطوات سهلة لتحسين ذاكرتك /
264 1# - PRODUCTION, PUBLICATION, DISTRIBUTION, MANUFACTURE, AND COPYRIGHT NOTICE
Place of production, publication, distribution, manufacture الكويت :
Name of producer, publisher, distributor, manufacturer الإبداع الفكري،
Date of production, publication, distribution, manufacture, or copyright notice 2007.
300 ## - PHYSICAL DESCRIPTION
Extent 130ص.
650 17 - SUBJECT ADDED ENTRY--TOPICAL TERM
Topical term or geographic name as entry element الذاكره
650 17 - SUBJECT ADDED ENTRY--TOPICAL TERM
Topical term or geographic name as entry element التعلم
650 17 - SUBJECT ADDED ENTRY--TOPICAL TERM
Topical term or geographic name as entry element التفكير
650 17 - SUBJECT ADDED ENTRY--TOPICAL TERM
Topical term or geographic name as entry element علم النفس
942 ## - ADDED ENTRY ELEMENTS (KOHA)
Source of classification or shelving scheme Dewey Decimal Classification
Koha item type كتب
المقتنيات
حالة السحب حالة الفقدان مصدر التصنيف حالة التلف غير قابل للإعارة المكتبة الرئيسية المكتبة الحالية موقع الرف تاريخ التزويد الرقم المتسلسل Total Checkouts رقم الإستدعاء الباركود تاريخ آخر ظهور تاريخ الفاتورة نوع المادة (كوها)
    Dewey Decimal Classification     مكتبة أبو علندا العامة مكتبة أبو علندا العامة الإعارة 31/05/2009 1289498   153.1/ملا PLD00094992 28/07/2025 31/05/2009 كتب
    Dewey Decimal Classification     مكتبة أم قصير والمقابلين العامة مكتبة أم قصير والمقابلين العامة الإعارة 31/05/2009 1289506   153.1/ملا PLD00095000 28/07/2025 31/05/2009 كتب
    Dewey Decimal Classification     مكتبة الأميرة ايمان العامة مكتبة الأميرة ايمان العامة الإعارة 31/05/2009 1289499   153.1/ملا PLD00094993 28/07/2025 31/05/2009 كتب
    Dewey Decimal Classification     مكتبة الاميرة بديعة مكتبة الاميرة بديعة الإعارة 31/05/2009 1289500   153.1/ملا PLD00094994 28/07/2025 31/05/2009 كتب
    Dewey Decimal Classification     مكتبة البراعم الواعدة مكتبة البراعم الواعدة الإعارة 31/05/2009 1289501   153.1/ملا PLD00094995 28/07/2025 31/05/2009 كتب
    Dewey Decimal Classification     مكتبة الجويدة مكتبة الجويدة الإعارة 31/05/2009 1289502   153.1/ملا PLD00094996 28/07/2025 31/05/2009 كتب
    Dewey Decimal Classification     مكتبة النصر العامة مكتبة النصر العامة الإعارة 31/05/2009 1289504   153.1/ملا PLD00094998 28/07/2025 31/05/2009 كتب
    Dewey Decimal Classification     مكتبة حمزة العامة مكتبة حمزة العامة الإعارة 31/05/2009 1289509   153.1/ملا PLD00095003 28/07/2025 31/05/2009 كتب
    Dewey Decimal Classification     مكتبة مرج الحمام مكتبة مرج الحمام الإعارة 31/05/2009 1289510   153.1/ملا PLD00095004 28/07/2025 31/05/2009 كتب
    Dewey Decimal Classification     مكتبة وادي السير العامة مكتبة وادي السير العامة الإعارة 31/05/2009 1289512   153.1/ملا PLD00095006 28/07/2025 31/05/2009 كتب
    Dewey Decimal Classification     مكتبة ومركز فرح مكتبة ومركز فرح الإعارة 31/05/2009 1289514   153.1/ملا PLD00095008 28/07/2025 31/05/2009 كتب
Implemented & Customized by: BBB with SCIT (Smart Chains for Information Technology)

Powered by Koha